Melanoma subungueal - reporte de un caso y revisión bibliográfica. / (Registro nro. 4199)
[ vista simple ]
| 000 -LEADER | |
|---|---|
| fixed length control field | 01904nam a2200229 4500 |
| 001 - CONTROL NUMBER | |
| control field | 0000010724 |
| 005 - DATE AND TIME OF LATEST TRANSACTION | |
| control field | 20250329165437.0 |
| 008 - FIXED-LENGTH DATA ELEMENTS--GENERAL INFORMATION | |
| fixed length control field | 180403s2018 000 0 eng d |
| 040 ## - CATALOGING SOURCE | |
| Original cataloging agency | CO-CtgCURN |
| Language of cataloging | spa |
| Transcribing agency | coctgcurn |
| 082 0# - DEWEY DECIMAL CLASSIFICATION NUMBER | |
| Classification number | EST 2018 |
| Item number | P123 |
| 100 1# - MAIN ENTRY--PERSONAL NAME | |
| Personal name | Padilla Ospino, Angie Carolina. |
| 245 10 - TITLE STATEMENT | |
| Title | Melanoma subungueal - reporte de un caso y revisión bibliográfica. / |
| Statement of responsibility, etc. | Angie Carolina Padilla Ospino; Sandra Viviana Cáceres Matta; Lenin Rafael Torres Osorio. |
| 260 ## - PUBLICATION, DISTRIBUTION, ETC. | |
| Place of publication, distribution, etc. | Cartagena de Indias : |
| Name of publisher, distributor, etc. | Corporación Universitaria Rafael Nuñez, |
| Date of publication, distribution, etc. | 2018. |
| 504 ## - BIBLIOGRAPHY, ETC. NOTE | |
| Bibliography, etc. note | Trabajo de grado (Estetica y Cosmetologia). Corporación Universitaria Rafael Nuñez. Facultad de Ciencias de la Salud. Estetica y Cosmetologia, 2018. |
| 520 ## - SUMMARY, ETC. | |
| Summary, etc. | El melanoma subungueal es un subtipo raro de melanoma cutáneo que surge de las estructuras del aparato de uñas. El melanoma subungueal, es raro, representa aproximadamente el 1, de los tumores malignos melanomas. La supervivencia general de 5 años es desproporcionadamente pobre entre un 25, a un 51,, en comparación con otros subtipos histológicos. Esto se ha atribuido al diagnóstico tardío, debido a la presentación clínica. Reportamos un caso clínico, desafiante para el diagnóstico. Con frecuencia es infra diagnosticado clínicamente, con el consiguiente retraso en el diagnóstico histopatológico y en el tratamiento, por lo que su pronóstico se ve a menudo ensombrecido por todo ello. |
| 650 #0 - SUBJECT ADDED ENTRY--TOPICAL TERM | |
| Topical term or geographic name entry element | Estética y cosmetología |
| Form subdivision | Tesis y disertaciones academicas. |
| 700 1# - ADDED ENTRY--PERSONAL NAME | |
| Personal name | Cáceres Matta, Sandra Viviana. |
| 700 1# - ADDED ENTRY--PERSONAL NAME | |
| Personal name | Torres Osorio, Lenin Rafael. |
| 856 ## - ELECTRONIC LOCATION AND ACCESS | |
| Uniform Resource Identifier | <a href="https://unicurn.sharepoint.com/:b:/s/biblioteca/EcImWMSoz-ZPmrL6lU-OyeQBh-sBy7EPznNqcNIA35OHWQ?e=Iwat6f">https://unicurn.sharepoint.com/:b:/s/biblioteca/EcImWMSoz-ZPmrL6lU-OyeQBh-sBy7EPznNqcNIA35OHWQ?e=Iwat6f</a> |
| Public note | Click aqui para ver el recurso en texto completo |
| 942 ## - ADDED ENTRY ELEMENTS (KOHA) | |
| Source of classification or shelving scheme | Dewey Decimal Classification |
| Koha item type | Trabajos de grado |
| Classification part | EST 2018 |
| Item part | P123 |
| Withdrawn status | Lost status | Source of classification or shelving scheme | Damaged status | Not for loan | Collection | Home library | Current library | Shelving location | Date acquired | Source of acquisition | Cost, normal purchase price | Inventory number | Total checkouts | Full call number | Barcode | Date last seen | Copy number | Price effective from | Koha item type |
|---|---|---|---|---|---|---|---|---|---|---|---|---|---|---|---|---|---|---|---|
| Dewey Decimal Classification | Trabajos de grado | Miguel Henríquez Emiliani | Miguel Henríquez Emiliani | Trabajo de grado | 03/29/2025 | El autor | 350000.00 | 017918 | EST 2018 P123 | 017918 | 10/26/2018 | 1 | 10/26/2018 | Trabajos de grado |